A tudomány határai és korlátai
Elmentve itt :
| Szerző: | |
|---|---|
| Adatforrás: | Philobibl |
| Forrásdokumentuma: | A Hét, 1975/38 8-9. p. |
| Dokumentumtípus: | Cikk |
| Nyelv: | magyar |
| Kulcsszavak: | tudományfilozófia |
| LEADER | 00320nab a2200109 c 4500 | ||
|---|---|---|---|
| 001 | bibDOK00016776 | ||
| 005 | 20200924121115.5 | ||
| 008 | 060518s1975 hu hun | ||
| 100 | 1 | |a Weiskoff, Victor F. | |
| 245 | 1 | 2 | |a A tudomány határai és korlátai |c Weiskoff, Victor F. |
| 695 | |a tudományfilozófia | ||
| 773 | 0 | |t A Hét, 1975/38 |g 8-9. p. | |